[Event "Mukachevo IM June 2019"]
[Site "Mukachevo"]
[Date "2019.06.26"]
[Round "4.4"]
[White "Larkin, Vladyslav"]
[Black "Tiba, Vladyslav"]
[Result "1-0"]
[WhiteElo "2398"]
[BlackElo "2375"]
[Annotator "TA"]
[PlyCount "107"]
[EventDate "2019.06.24"]
[EventType "tourn"]
[EventCountry "UKR"]
[SourceTitle "playchess.com"]
[Source "ChessBase"]
[SourceQuality "1"]

{[%evp 9,107,-8,-8,0,18,20,14,-2,0,0,0,0,1,0,8,10,37,29,35,33,33,31,25,13,60,52,66,38,60,40,97,102,170,159,156,161,156,156,168,159,163,113,262,59,60,64,77,21,21,21,21,28,20,15,7,12,14,10,109,109,109,59,413,109,109,83,109,109,109,109,112,0,118,81,96,34,39,44,103,52,104,0,114,82,104,104,199,204,404,433,773,709,29984,29985,29977,4918,29995,29996,29996,29997]} 1. d4 Nf6 2. Bf4 g6 3. e3 Bg7 4. h3 (4. Nf3 O-O 5. Be2 c5 6. c3 b6 7. O-O Bb7 8. Nbd2 d6 9. h3 Na6 10. Bh2 Nc7 11. a4 Ne4 12. Nxe4 Bxe4 13. Nd2 Bc6 14. b4 Qc8 15. b5 Bd5 16. a5 f5 17. Re1 {1-0 (53) Caruana,F (2816)-Aronian,L (2764) Leuven 2018}) 4... O-O 5. Nd2 d6 6. c3 {A45: Trompowsky Attack} c5 7. dxc5 $146 ({Predecessor:} 7. Ngf3 Nc6 8. Be2 Be6 9. O-O Qc8 10. Re1 Rd8 11. a3 a6 12. Rc1 Ra7 13. Bh2 b5 14. e4 cxd4 15. cxd4 d5 16. Ne5 {½-½ (57) Nassr,A (2012)-Graca,R (2270) Paris 2019}) 7... dxc5 8. e4 {The position is equal.} b6 9. Ngf3 Bb7 10. Qc2 Qc8 11. Bd3 Nc6 {[%cal Bb8c6,Bc6d8,Bd8e6,Be6f4][%mdl 32]} 12. O-O Nd8 13. Rfe1 Ne6 14. Bh2 Nh5 15. a4 Ba6 16. Bb5 Rd8 17. Nc4 $1 {[%cal Bd2c4,Bc4e3,Be3d5][%mdl 32]} Nef4 18. Rad1 Bxb5 19. axb5 Qe6 (19... Qb7 $14) 20. Ne3 $16 c4 {[#]} (20... Rxd1 $16 {was necessary.} 21. Rxd1 Qc8) 21. Nd5 $1 $18 {[%mdl 512]} Nxd5 22. exd5 {[%mdl 64] Discovered Attack} Qd7 23. Qa4 a6 24. Qxc4 axb5 25. Qb4 e6 (25... Re8 $16 26. Nd4 Bxd4 27. Qxd4 Qd8) 26. d6 $2 (26. g4 $18) 26... Ra4 $14 27. Qb3 Nf4 28. Bxf4 (28. Qc2 $1 $16 {And now b3 would win.} Rc8 29. Bxf4 Rxf4 30. Ne5 Bxe5 31. Rxe5) 28... Rxf4 $11 29. Ne5 Bxe5 $1 30. Rxe5 Qc6 31. g3 Rf5 32. Rxf5 exf5 {[%mdl 4096] Endgame KQR-KQR} 33. Qb4 h5 (33... Qc4 $1 $11) 34. Qd4 $16 Rd7 35. Qe5 Qf3 $2 {[%mdl 8192]} (35... Kh7 $1 $14) 36. Rd4 $2 (36. Re1 $1 $18 {Threatens to win with Qe8+.} Qa8 37. Qxb5) 36... Qc6 37. Kh2 Qf3 38. Rd2 {aiming for Qe8+.} Qc6 39. Rd5 Kh7 40. Rd2 Kg8 $1 41. Qd4 Kh7 42. Rd1 (42. b4 $16) 42... Qf3 43. Kg1 {Black must now prevent Re1.} Qc6 (43... Qe2 $1 $14) 44. Qd3 (44. b4 $16) 44... Kg7 {[#]} (44... Qc5 $14) 45. Qd4+ (45. b4 $1 $16) 45... Kh7 (45... Kg8 $11 {remains equal.}) 46. Qe5 Qf3 47. Rd4 $36 {[%mdl 2048] White is in control.} Qc6 {[#]} (47... Ra7 $16 48. Qe1 Rd7) 48. g4 $1 $18 {[%cal Rg4h5]} hxg4 $2 (48... fxg4 49. hxg4 Qf3) 49. hxg4 {Strongly threatening g5.} Qf3 (49... Ra7 $142 50. Kh2 (50. gxf5 Ra1+ 51. Kh2 Qh1+ 52. Kg3 Rg1+ 53. Kf4 g5+ 54. Ke3 Re1+ {[%mdl 64] Skewer} 55. Kd2 Rxe5 56. c4 bxc4 57. Kc2 Qf3 {[%mdl 64] Double Attack} 58. Rd1 Qb3+ 59. Kc1 Re2 {[%mdl 64] Double Attack} 60. Rh1+ Kg8 61. Rh8+ Kxh8 62. f6 Qc2#) 50... Qf3) 50. gxf5 {White threatens Rh4+ and mate.} gxf5 {[#]} 51. Qf6 $1 {[%mdl 512]} Kg8 52. Qe7 (52. Rh4 $142 Qd1+ 53. Kg2 Qg4+ 54. Rxg4+ fxg4 55. Qg5+ Kf8 56. Qe5 Rxd6 57. Qxd6+ {[%mdl 64] Double Attack} Ke8 58. Qxb6) 52... Qc6 53. Qg5+ {[%mdl 64] Double Attack} Kf8 54. Rh4 {Accuracy: White = 49%, Black = 30%.} 1-0

[Event "Mukachevo IM June 2019"]
[Site "Mukachevo"]
[Date "2019.06.26"]
[Round "4.5"]
[White "Terbe, Zsuzsanna"]
[Black "Vachylia, Andrii"]
[Result "1-0"]
[WhiteElo "2160"]
[BlackElo "2263"]
[Annotator "TA"]
[PlyCount "115"]
[EventDate "2019.06.24"]
[EventType "tourn"]
[EventCountry "UKR"]
[SourceTitle "playchess.com"]
[Source "ChessBase"]
[SourceQuality "1"]

{[%evp 10,115,19,-15,0,0,0,0,29,29,23,23,27,0,13,-16,0,0,60,56,41,37,69,56,111,81,73,81,78,87,89,26,30,33,33,28,11,9,70,73,354,356,361,354,349,345,474,470,468,401,539,541,529,508,552,541,521,491,537,383,391,381,447,447,437,433,529,531,511,517,594,585,596,577,584,558,733,730,714,513,1355,1710,2018,1798,29967,11452,29972,11039,29972,29976,29977,29978,29977,29978,29977,29978,29972,29973,29981,29982,29982,29982,29983,29984,29984,29985,29984,29985]} 1. d4 d5 2. Bf4 Nf6 3. e3 c5 4. c3 Nc6 5. Nf3 Qb6 6. Qc2 g6 {D02: 1 d4 d5 2 Nf3 sidelines, including 2...Nf6 3 g3 and 2...Nf6 3 Bf4} 7. Nbd2 Bg7 8. h3 Bf5 {The position is equal.} (8... O-O 9. Be2 Nd7 10. O-O e5 11. dxe5 Ndxe5 12. Nxe5 Nxe5 13. e4 dxe4 14. Nxe4 {½-½ (23) Laznicka,V (2668)-Nisipeanu,L (2674) Germany 2019}) 9. Qb3 c4 10. Qxb6 axb6 11. a3 (11. g4 $5 {[%cal Rg4f5]} Bc2 12. Bg2 $11) 11... b5 12. Rc1 O-O $146 ({Predecessor:} 12... h5 13. Be2 O-O 14. Ne5 {½-½ (47) Palchun,G (2320)-Lugovskoy,M (2491) Sochi 2016}) 13. g4 Be4 (13... Be6 $11) 14. Nxe4 $14 Nxe4 15. Bg2 f6 16. Nd2 e5 (16... f5 $1 $14) 17. Bxe4 dxe4 18. dxe5 f5 19. gxf5 Bxe5 20. Bh6 ({Better is} 20. fxg6 $16 {Black must now prevent Bh6.} Bxf4 21. exf4) 20... Rxf5 $11 21. Nxe4 Re8 $1 22. Ke2 Bb8 23. Ng3 Rc5 (23... Bxg3 $1 $11 24. fxg3 Ne5) 24. Rcd1 $36 {[%mdl 2048] White is on the roll.} Nd8 $2 {[%mdl 8192] [#]} (24... Bxg3 $16 {is a better defense.} 25. fxg3 Ne5) 25. Ne4 $1 $18 {[%cal Re4c5][%mdl 512]} Rf5 {Threatens to win with ...Nf7.} (25... Rxe4 26. Rxd8+) 26. Bg5 Ne6 27. Nf6+ {[%mdl 64] Double Attack} Kf7 28. Nxe8 Kxe8 29. Bh4 g5 30. Bg3 Bxg3 31. fxg3 {[%mdl 4096] Endgame KRR-KRN} Nc5 32. Rhf1 Re5 33. Rd4 Ne4 34. Rxe4 Rxe4 {KR-KR} 35. Rf5 g4 36. h4 Re7 37. Rg5 Kd8 38. Rxg4 Kc7 39. Rd4 Kb6 40. g4 Ka5 41. Rd5 Ka4 42. g5 b4 43. axb4 Kb3 44. Rd4 b5 (44... b6 $142 45. Kf3 b5) 45. Rd2 Rf7 46. e4 Rf4 47. Ke3 Rxh4 48. Rg2 (48. e5 $142 Rg4 49. e6 Rxg5 50. Kd4 Rg8 51. Re2 Re8 52. e7 h5 53. Kd5) 48... Rh1 49. e5 {White mates.} Re1+ 50. Re2 Rg1 51. Kf4 Rf1+ 52. Ke4 Rg1 53. e6 Rxg5 54. e7 Rg8 55. Kf5 h5 56. e8=Q Rxe8 57. Rxe8 Kxb2 58. Re3 {Accuracy: White = 72%, Black = 29%.} 1-0

[Event "Mukachevo IM June 2019"]
[Site "Mukachevo"]
[Date "2019.06.27"]
[Round "6.1"]
[White "Sakun, Volodymyr"]
[Black "Karelina, Polina"]
[Result "1-0"]
[WhiteElo "2349"]
[BlackElo "1718"]
[Annotator "NA"]
[PlyCount "75"]
[EventDate "2019.06.24"]
[EventType "tourn"]
[EventCountry "UKR"]
[SourceTitle "playchess.com"]
[Source "ChessBase"]
[SourceQuality "1"]
[TimeControl "40/5400+30:900+30"]

1. Nf3 {[%emt 0:00:00]} Nf6 {[%emt 0:00:00]} 2. c4 {[%emt 0:00:00]} g6 {[%emt 0:00:06]} 3. Nc3 {[%emt 0:00:00]} Bg7 {[%emt 0:00:26]} 4. d4 {[%emt 0:00:00]} O-O {[%emt 0:00:31]} 5. g3 {[%emt 0:00:00]} d6 {[%emt 0:02:27]} 6. Bg2 {[%emt 0:00:00]} Bf5 {[%emt 0:00:24]} 7. Nh4 {[%emt 0:11:45]} Bc8 {[%emt 0:01:42]} 8. O-O {[%emt 0:00:21]} e5 {[%emt 0:00:26]} 9. d5 {[%emt 0:02:52]} Bd7 {[%emt 0:05:33]} 10. e4 {[%emt 0:00:33]} Nh5 {[%emt 0:00:48]} 11. Nf5 {[%emt 0:03:56]} Nf4 {[%emt 0:08:56]} 12. gxf4 {[%emt 0:02:24]} gxf5 {[%emt 0:00:10]} 13. Qh5 {[%emt 0:00:51]} Qf6 {[%emt 0:01:57]} 14. fxe5 {[%emt 0:06:35]} dxe5 {[%emt 0:00:43]} 15. f4 {[%emt 0:10:58]} Qg6 {[%emt 0:02:01]} 16. Qxg6 {[%emt 0:04:14]} fxg6 {[%emt 0:00:24]} 17. fxe5 {[%emt 0:01:37]} Bxe5 {[%emt 0:00:15]} 18. Bf4 {[%emt 0:01:50]} Bd4+ {[%emt 0:06:26]} 19. Kh1 {[%emt 0:00:09]} fxe4 {[%emt 0:02:17]} 20. Nxe4 {[%emt 0:10:38]} Na6 {[%emt 0:02:18]} 21. Rad1 {[%emt 0:02:11]} Bxb2 {[%emt 0:01:59]} 22. d6 {[%emt 0:02:37]} cxd6 {[%emt 0:01:56]} 23. Nxd6 {[%emt 0:09:10]} Bc6 {[%emt 0:05:57]} 24. Nxb7 {[%emt 0:01:09]} Bxg2+ {[%emt 0:00:19]} 25. Kxg2 {[%emt 0:00:05]} Rac8 {[%emt 0:01:30]} 26. Nd6 {[%emt 0:05:15]} Rcd8 {[%emt 0:02:33]} 27. Bg3 {[%emt 0:01:43]} Ba3 {[%emt 0:07:16]} 28. Nb5 {[%emt 0:03:28]} Bc5 {[%emt 0:00:08]} 29. Rxf8+ {[%emt 0:00:15]} Rxf8 {[%emt 0:00:15]} 30. Rd7 {[%emt 0:01:26]} Nb4 {[%emt 0:01:20]} 31. Nxa7 {[%emt 0:05:33]} Nxa2 {[%emt 0:02:18]} 32. Nc6 {[%emt 0:02:44]} Rc8 {[%emt 0:04:10]} 33. Nd8 {[%emt 0:06:07]} Bf8 {[%emt 0:03:47]} 34. Ne6 {[%emt 0:00:36]} Rxc4 {[%emt 0:03:55]} 35. Rd8 {[%emt 0:00:24]} Kf7 {[%emt 0:00:51]} 36. Nxf8 {[%emt 0:00:20]} Ke7 {[%emt 0:00:12]} 37. Ra8 {[%emt 0:00:26]} Rc2+ {[%emt 0:00:40]} 38. Kf3 {[%emt 0:01:21]} 1-0

[Event "Mukachevo IM June 2019"]
[Site "Mukachevo"]
[Date "2019.06.27"]
[Round "6.2"]
[White "Vachylia, Andrii"]
[Black "Tiba, Vladyslav"]
[Result "1/2-1/2"]
[WhiteElo "2263"]
[BlackElo "2375"]
[Annotator "NA"]
[PlyCount "66"]
[EventDate "2019.06.24"]
[EventType "tourn"]
[EventCountry "UKR"]
[SourceTitle "playchess.com"]
[Source "ChessBase"]
[SourceQuality "1"]
[TimeControl "40/5400+30:900+30"]

1. e4 {[%emt 0:00:00]} c5 {[%emt 0:00:00]} 2. Nf3 {[%emt 0:00:00]} e6 {[%emt 0:00:00]} 3. c3 {[%emt 0:00:33]} d5 {[%emt 0:00:11]} 4. e5 {[%emt 0:00:21]} d4 {[%emt 0:00:34]} 5. Bb5+ {[%emt 0:00:17]} Bd7 {[%emt 0:01:38]} 6. Qa4 {[%emt 0:00:17]} Nc6 {[%emt 0:01:57]} 7. cxd4 {[%emt 0:00:31]} cxd4 {[%emt 0:01:55]} 8. Na3 {[%emt 0:04:23]} a6 {[%emt 0:03:52]} 9. Bxc6 {[%emt 0:00:12]} Bxc6 {[%emt 0:00:05]} 10. Qxd4 {[%emt 0:00:06]} Bxf3 {[%emt 0:01:29]} 11. Qxd8+ {[%emt 0:00:06]} Rxd8 {[%emt 0:00:07]} 12. gxf3 {[%emt 0:00:02]} Bxa3 {[%emt 0:18:50]} 13. bxa3 {[%emt 0:00:06]} Ne7 {[%emt 0:00:06]} 14. Rb1 {[%emt 0:00:10]} b5 {[%emt 0:02:35]} 15. a4 {[%emt 0:00:07]} Rd5 {[%emt 0:00:24]} 16. d4 {[%emt 0:00:55]} Nc6 {[%emt 0:04:17]} 17. Be3 {[%emt 0:00:12]} O-O {[%emt 0:02:00]} 18. axb5 {[%emt 0:00:25]} axb5 {[%emt 0:00:14]} 19. O-O {[%emt 0:00:06]} Nxd4 {[%emt 0:03:31]} 20. Bxd4 {[%emt 0:00:07]} Rxd4 {[%emt 0:00:06]} 21. Rxb5 {[%emt 0:00:03]} Ra4 {[%emt 0:00:09]} 22. Rb2 {[%emt 0:01:46]} g5 {[%emt 0:00:32]} 23. Rd1 {[%emt 0:00:29]} Rfa8 {[%emt 0:01:02]} 24. Rd7 {[%emt 0:03:24]} Rxa2 {[%emt 0:00:58]} 25. Rbb7 {[%emt 0:00:03]} Rf8 {[%emt 0:00:12]} 26. Rd4 {[%emt 0:00:14]} Ra5 {[%emt 0:01:41]} 27. Rg4 {[%emt 0:00:14]} Rxe5 {[%emt 0:01:04]} 28. f4 {[%emt 0:00:05]} Rf5 {[%emt 0:00:30]} 29. Rxg5+ {[%emt 0:00:07]} Rxg5+ {[%emt 0:00:15]} 30. fxg5 {[%emt 0:00:04]} Rd8 {[%emt 0:01:27]} 31. Kg2 {[%emt 0:00:06]} Kg7 {[%emt 0:00:36]} 32. Kg3 {[%emt 0:00:07]} Kg6 {[%emt 0:01:34]} 33. h4 {[%emt 0:00:04]} Rd1 {[%emt 0:01:08]} 1/2-1/2

[Event "Mukachevo IM June 2019"]
[Site "Mukachevo"]
[Date "2019.06.27"]
[Round "6.3"]
[White "Terbe, Zsuzsanna"]
[Black "Oros, Robert"]
[Result "0-1"]
[WhiteElo "2160"]
[BlackElo "2321"]
[Annotator "NA"]
[PlyCount "96"]
[EventDate "2019.06.24"]
[EventType "tourn"]
[EventCountry "UKR"]
[SourceTitle "playchess.com"]
[Source "ChessBase"]
[SourceQuality "1"]
[TimeControl "40/5400+30:900+30"]

1. d4 {[%emt 0:00:00]} Nf6 {[%emt 0:00:00]} 2. Nf3 {[%emt 0:00:00]} d6 {[%emt 0:00:08]} 3. g3 {[%emt 0:00:03]} Nbd7 {[%emt 0:00:55]} 4. Bg2 {[%emt 0:00:16]} e5 {[%emt 0:00:49]} 5. c4 {[%emt 0:01:07]} c6 {[%emt 0:00:50]} 6. O-O {[%emt 0:00:29]} Be7 {[%emt 0:00:14]} 7. Nc3 {[%emt 0:00:26]} O-O {[%emt 0:00:15]} 8. Qc2 {[%emt 0:02:44]} Re8 {[%emt 0:01:37]} 9. e3 {[%emt 0:01:12]} Qc7 {[%emt 0:02:57]} 10. b3 {[%emt 0:01:14]} Nf8 {[%emt 0:01:10]} 11. Bb2 {[%emt 0:01:01]} Bg4 {[%emt 0:01:06]} 12. h3 {[%emt 0:04:18]} Bh5 {[%emt 0:03:40]} 13. Rac1 {[%emt 0:04:22]} Bg6 {[%emt 0:01:10]} 14. Qd2 {[%emt 0:03:39]} N6d7 {[%emt 0:01:00]} 15. e4 {[%emt 0:05:10]} Ne6 {[%emt 0:04:34]} 16. d5 {[%emt 0:01:04]} Nec5 {[%emt 0:01:41]} 17. Rfe1 {[%emt 0:00:26]} a5 {[%emt 0:02:33]} 18. Nh2 {[%emt 0:03:21]} Qb6 {[%emt 0:06:10]} 19. Ba3 {[%emt 0:02:18]} Nb8 {[%emt 0:10:13]} 20. Kh1 {[%emt 0:03:07]} Nba6 {[%emt 0:02:02]} 21. Rb1 {[%emt 0:00:58]} Nb4 {[%emt 0:00:50]} 22. Rf1 {[%emt 0:06:37]} Qd8 {[%emt 0:10:28]} 23. Bb2 {[%emt 0:04:46]} cxd5 {[%emt 0:08:46]} 24. cxd5 {[%emt 0:02:13]} Rc8 {[%emt 0:04:31]} 25. a3 {[%emt 0:02:42]} Nba6 {[%emt 0:02:44]} 26. Ba1 {[%emt 0:00:15]} f5 {[%emt 0:03:40]} 27. f3 {[%emt 0:01:34]} Bg5 28. Qe2 {[%emt 0:02:10]} f4 {[%emt 0:04:29]} 29. g4 {[%emt 0:02:50]} Bh4 {[%emt 0:03:07]} 30. b4 {[%emt 0:01:50]} axb4 {[%emt 0:00:15]} 31. axb4 {[%emt 0:00:05]} Nd7 {[%emt 0:00:08]} 32. Qb5 {[%emt 0:02:24]} Nb6 {[%emt 0:01:32]} 33. Rfc1 {[%emt 0:02:04]} Re7 {[%emt 0:02:15]} 34. Bf1 {[%emt 0:02:02]} Bf2 {[%emt 0:01:56]} 35. Nd1 {[%emt 0:02:13]} Rxc1 {[%emt 0:05:32]} 36. Rxc1 {[%emt 0:00:11]} Be1 {[%emt 0:00:26]} 37. Bc3 {[%emt 0:01:46]} Bxc3 {[%emt 0:05:29]} 38. Rxc3 {[%emt 0:00:46]} Nc8 {[%emt 0:05:05]} 39. Qa5 {[%emt 0:02:45]} Qf8 {[%emt 0:02:31]} 40. Bxa6 {[%emt 0:00:00]} bxa6 {[%emt 0:00:00]} 41. Qxa6 {[%emt 0:01:24]} Na7 {[%emt 0:00:56]} 42. b5 {[%emt 0:03:54]} Nxb5 {[%emt 0:01:40]} 43. Qxb5 {[%emt 0:00:28]} Qa8 {[%emt 0:00:09]} 44. Qc6 {[%emt 0:03:02]} Qa1 {[%emt 0:01:01]} 45. Rc1 {[%emt 0:00:40]} Qa3 {[%emt 0:00:28]} 46. Nf2 {[%emt 0:03:13]} Be8 {[%emt 0:01:04]} 47. Qc3 {[%emt 0:00:05]} Qa7 {[%emt 0:00:41]} 48. Kg2 {[%emt 0:00:26]} Rb7 {[%emt 0:03:16]} 0-1

[Event "Mukachevo IM June 2019"]
[Site "Mukachevo"]
[Date "2019.06.27"]
[Round "6.4"]
[White "Terletsky, Oleg"]
[Black "Priehoda, Vitezslav"]
[Result "1/2-1/2"]
[WhiteElo "2318"]
[BlackElo "2361"]
[Annotator "NA"]
[PlyCount "52"]
[EventDate "2019.06.24"]
[EventType "tourn"]
[EventCountry "UKR"]
[SourceTitle "playchess.com"]
[Source "ChessBase"]
[SourceQuality "1"]
[TimeControl "40/5400+30:900+30"]

1. e4 {[%emt 0:02:28]} c5 {[%emt 0:00:00]} 2. Nf3 {[%emt 0:00:14]} d6 {[%emt 0:00:00]} 3. d4 {[%emt 0:00:12]} cxd4 {[%emt 0:00:00]} 4. Nxd4 {[%emt 0:00:03]} Nf6 {[%emt 0:00:00]} 5. Nc3 {[%emt 0:00:10]} a6 {[%emt 0:00:00]} 6. Be3 {[%emt 0:00:10]} e5 {[%emt 0:00:02]} 7. Nb3 {[%emt 0:00:06]} Be7 {[%emt 0:00:24]} 8. f3 {[%emt 0:01:17]} Be6 {[%emt 0:00:07]} 9. Qd2 {[%emt 0:00:08]} O-O {[%emt 0:00:12]} 10. O-O-O {[%emt 0:00:36]} Nbd7 {[%emt 0:00:03]} 11. g4 {[%emt 0:00:23]} b5 {[%emt 0:00:05]} 12. g5 {[%emt 0:00:05]} b4 {[%emt 0:00:09]} 13. Ne2 {[%emt 0:00:06]} Ne8 {[%emt 0:00:04]} 14. f4 {[%emt 0:01:06]} a5 {[%emt 0:00:06]} 15. f5 {[%emt 0:01:20]} a4 {[%emt 0:00:06]} 16. fxe6 {[%emt 0:07:04]} axb3 {[%emt 0:00:13]} 17. exf7+ {[%emt 0:00:06]} Rxf7 {[%emt 0:00:17]} 18. cxb3 {[%emt 0:00:06]} Rxa2 {[%emt 0:01:27]} 19. Kb1 {[%emt 0:00:28]} Qa8 {[%emt 0:05:25]} 20. Ng3 {[%emt 0:03:01]} Rxf1 {[%emt 0:03:13]} 21. Rhxf1 {[%emt 0:00:29]} Ra1+ {[%emt 0:00:06]} 22. Kc2 {[%emt 0:00:03]} Qc6+ {[%emt 0:00:53]} 23. Kd3 {[%emt 0:00:07]} Qb5+ {[%emt 0:00:08]} 24. Kc2 {[%emt 0:00:09]} Qc6+ {[%emt 0:00:05]} 25. Kd3 {[%emt 0:00:05]} Qb5+ {[%emt 0:00:04]} 26. Kc2 {[%emt 0:00:04]} Qc6+ 1/2-1/2

[Event "Mukachevo IM June 2019"]
[Site "Mukachevo"]
[Date "2019.06.27"]
[Round "6.5"]
[White "Larkin, Vladyslav"]
[Black "Boricsev, Oleg"]
[Result "1/2-1/2"]
[WhiteElo "2398"]
[BlackElo "2252"]
[Annotator "NA"]
[PlyCount "56"]
[EventDate "2019.06.24"]
[EventType "tourn"]
[EventCountry "UKR"]
[SourceTitle "playchess.com"]
[Source "ChessBase"]
[SourceQuality "1"]
[TimeControl "40/5400+30:900+30"]

1. d4 {[%emt 0:00:00]} d5 {[%emt 0:00:00]} 2. Bf4 {[%emt 0:00:00]} c5 {[%emt 0:00:07]} 3. e3 {[%emt 0:00:00]} cxd4 {[%emt 0:00:27]} 4. exd4 {[%emt 0:00:06]} Nc6 {[%emt 0:00:21]} 5. c3 {[%emt 0:00:06]} Bf5 {[%emt 0:00:37]} 6. Nf3 {[%emt 0:04:14]} e6 {[%emt 0:02:52]} 7. Qb3 {[%emt 0:01:31]} Qc8 {[%emt 0:09:30]} 8. Nbd2 {[%emt 0:11:16]} Nf6 {[%emt 0:01:14]} 9. Be2 {[%emt 0:00:05]} Be7 {[%emt 0:00:45]} 10. O-O {[%emt 0:00:08]} O-O {[%emt 0:00:11]} 11. h3 {[%emt 0:16:10]} h6 {[%emt 0:00:05]} 12. a4 {[%emt 0:01:04]} Rd8 {[%emt 0:05:32]} 13. a5 {[%emt 0:14:05]} Bd6 {[%emt 0:03:17]} 14. Bxd6 {[%emt 0:00:40]} Rxd6 {[%emt 0:00:04]} 15. a6 {[%emt 0:01:20]} Rb8 {[%emt 0:02:04]} 16. axb7 {[%emt 0:08:18]} Qxb7 {[%emt 0:04:37]} 17. Qa3 {[%emt 0:08:36]} Rd7 {[%emt 0:02:01]} 18. b4 {[%emt 0:00:25]} Ne4 {[%emt 0:01:47]} 19. b5 {[%emt 0:00:38]} Ne7 {[%emt 0:00:46]} 20. Nxe4 {[%emt 0:00:27]} Bxe4 {[%emt 0:09:36]} 21. Nd2 {[%emt 0:03:27]} Ng6 {[%emt 0:01:09]} 22. g3 {[%emt 0:04:44]} e5 {[%emt 0:01:23]} 23. Nb3 {[%emt 0:01:25]} Qc8 {[%emt 0:00:22]} 24. Nc5 {[%emt 0:08:55]} Rc7 {[%emt 0:03:44]} 25. Bg4 {[%emt 0:06:39]} Bf5 {[%emt 0:02:42]} 26. Bxf5 {[%emt 0:05:23]} Qxf5 {[%emt 0:00:27]} 27. Na6 {[%emt 0:01:49]} Qxh3 {[%emt 0:04:37]} 28. Nxb8 {[%emt 0:01:35]} Nh4 {[%emt 0:01:03]} 1/2-1/2

[Event "Mukachevo IM June 2019"]
[Site "Mukachevo"]
[Date "2019.06.28"]
[Round "7.1"]
[White "Tiba, Vladyslav"]
[Black "Sakun, Volodymyr"]
[Result "1/2-1/2"]
[WhiteElo "2375"]
[BlackElo "2349"]
[Annotator "NA"]
[PlyCount "65"]
[EventDate "2019.06.24"]
[EventType "tourn"]
[EventCountry "UKR"]
[SourceTitle "playchess.com"]
[Source "ChessBase"]
[SourceQuality "1"]
[TimeControl "40/5400+30:900+30"]

1. e4 {[%emt 0:00:00]} e5 {[%emt 0:00:00]} 2. Nf3 {[%emt 0:00:00]} Nc6 {[%emt 0:00:00]} 3. Bb5 {[%emt 0:00:00]} Nf6 {[%emt 0:00:00]} 4. O-O {[%emt 0:01:46]} Nxe4 {[%emt 0:00:00]} 5. Re1 {[%emt 0:00:09]} Nd6 {[%emt 0:00:04]} 6. Nxe5 {[%emt 0:00:21]} Be7 {[%emt 0:00:19]} 7. Bf1 {[%emt 0:00:21]} Nxe5 {[%emt 0:00:10]} 8. Rxe5 {[%emt 0:00:05]} O-O {[%emt 0:00:03]} 9. d4 {[%emt 0:00:13]} Bf6 {[%emt 0:00:13]} 10. Re1 {[%emt 0:00:09]} Re8 {[%emt 0:00:05]} 11. Rxe8+ {[%emt 0:00:05]} Nxe8 {[%emt 0:00:10]} 12. d5 {[%emt 0:00:14]} d6 {[%emt 0:04:48]} 13. Nd2 {[%emt 0:01:47]} Bf5 $11 {[%emt 0:03:38]} 14. Nc4 {[%emt 0:01:26]} g6 {[%emt 0:12:36]} 15. c3 {[%emt 0:22:45]} c5 {[%emt 0:06:26]} 16. a4 {[%emt 0:04:56]} Bg5 {[%emt 0:02:25]} 17. f3 {[%emt 0:14:21]} b6 {[%emt 0:16:05]} 18. Qe1 {[%emt 0:06:37]} Bd7 {[%emt 0:04:05]} 19. Be3 {[%emt 0:05:04]} Qe7 {[%emt 0:10:33]} 20. Bf2 {[%emt 0:02:44]} Qxe1 {[%emt 0:01:35]} 21. Rxe1 {[%emt 0:04:25]} Kf8 {[%emt 0:13:02]} 22. h4 {[%emt 0:13:28]} Be7 {[%emt 0:01:02]} 23. b3 {[%emt 0:03:12]} f5 {[%emt 0:10:00]} 24. Bg3 {[%emt 0:03:08]} Kf7 {[%emt 0:00:47]} 25. Rd1 {[%emt 0:01:08]} Rd8 {[%emt 0:01:34]} 26. Na3 {[%emt 0:04:00]} Bf6 {[%emt 0:00:50]} 27. Be1 {[%emt 0:01:02]} Nc7 {[%emt 0:02:07]} 28. g3 {[%emt 0:05:37]} Bc8 {[%emt 0:01:31]} 29. f4 {[%emt 0:01:18]} Bd7 {[%emt 0:02:42]} 30. Nc4 {[%emt 0:01:21]} Be7 {[%emt 0:00:19]} 31. Bg2 {[%emt 0:01:08]} Ne8 {[%emt 0:01:05]} 32. Bf1 {[%emt 0:01:16]} Nf6 {[%emt 0:01:01]} 33. Bg2 {[%emt 0:00:45]} 1/2-1/2

[Event "Mukachevo IM June 2019"]
[Site "Mukachevo"]
[Date "2019.06.28"]
[Round "7.2"]
[White "Karelina, Polina"]
[Black "Terletsky, Oleg"]
[Result "0-1"]
[WhiteElo "1718"]
[BlackElo "2318"]
[Annotator "NA"]
[PlyCount "56"]
[EventDate "2019.06.24"]
[EventType "tourn"]
[EventCountry "UKR"]
[SourceTitle "playchess.com"]
[Source "ChessBase"]
[SourceQuality "1"]
[TimeControl "40/5400+30:900+30"]

1. e4 {[%emt 0:00:00]} e5 {[%emt 0:00:06]} 2. Nf3 {[%emt 0:00:00]} Nc6 {[%emt 0:00:07]} 3. Bc4 {[%emt 0:00:00]} Nf6 {[%emt 0:00:06]} 4. d3 {[%emt 0:00:11]} h6 {[%emt 0:00:06]} 5. h3 {[%emt 0:01:04]} d6 {[%emt 0:00:23]} 6. a4 {[%emt 0:00:06]} g6 {[%emt 0:01:01]} 7. O-O {[%emt 0:00:24]} Bg7 {[%emt 0:00:06]} 8. c3 {[%emt 0:02:14]} O-O {[%emt 0:01:48]} 9. Re1 {[%emt 0:02:20]} Kh7 {[%emt 0:01:55]} 10. Na3 {[%emt 0:01:37]} Be6 {[%emt 0:12:23]} 11. d4 {[%emt 0:01:34]} (11. Bxe6 $14 fxe6 12. b4) 11... Bxc4 {[%emt 0:04:08]} 12. Nxc4 {[%emt 0:01:36]} exd4 {[%emt 0:00:36]} 13. cxd4 {[%emt 0:01:35]} d5 {[%emt 0:00:47]} 14. exd5 $11 {[%emt 0:01:31]} Nxd5 {[%emt 0:00:10]} 15. Nce5 {[%emt 0:00:59]} Nxe5 {[%emt 0:09:05]} 16. dxe5 {[%emt 0:01:52]} Qd7 {[%emt 0:01:28]} 17. b3 {[%emt 0:02:18]} Rad8 {[%emt 0:00:35]} 18. Bb2 {[%emt 0:00:56]} c5 {[%emt 0:06:43]} 19. Nd2 {[%emt 0:02:46]} Nf4 {[%emt 0:02:24]} 20. Nc4 {[%emt 0:02:32]} Nd3 {[%emt 0:08:43]} 21. Re2 {[%emt 0:01:52]} Qf5 {[%emt 0:02:50]} 22. Qc2 {[%emt 0:02:33]} Nf4 {[%emt 0:00:47]} 23. Rd2 {[%emt 0:01:29]} Qg5 {[%emt 0:00:08]} 24. g3 {[%emt 0:06:45]} Nxh3+ {[%emt 0:00:11]} 25. Kh2 {[%emt 0:00:08]} Rxd2 {[%emt 0:00:26]} 26. Nxd2 {[%emt 0:01:32]} Nxf2 {[%emt 0:00:22]} 27. Nf3 {[%emt 0:00:42]} Ng4+ {[%emt 0:00:16]} 28. Kg1 {[%emt 0:01:31]} Qe3+ {[%emt 0:00:15]} 0-1